=LDR 00000nam 2200000 4500 =001 INLIS000000000009650 =005 20180716013019 =035 ##$$a 0010-061300000009650 =008 180716###########################0#ind## =041 ##$$a Ind =082 ##$$a 410.76 =090 ##$$a 410.76, Pek p =245 ##$$a PR Bahasa Indonesia kls 2 SMU Tengah Tahun Pertama =260 ##$$a Klaten :$b Intan Pariwara,$c 2001 =300 ##$$a 144 hlm, ; $c 30 cm =650 ##$$a Bahasa Ind Ujian - Soal dsb =850 ##$$a NBPNMAT =084 ##$$a 410.76 PR =990 ##$$a DW00029028 =990 ##$$a DW00029030 =990 ##$$a DW00029031 =990 ##$$a DW00029032 =990 ##$$a DW00029033 =990 ##$$a DW00029034 =990 ##$$a DW00029035 =990 ##$$a 00085990 =990 ##$$a 1039550 =990 ##$$a 0001/BPAP-NTB/2016 =990 ##$$a 0001/BPAP-NTB/2016 =990 ##$$a 173.726 pro.2002 =990 ##$$a DW00029028 =990 ##$$a DW00029030 =990 ##$$a DW00029031 =990 ##$$a DW00029032 =990 ##$$a DW00029033 =990 ##$$a DW00029034 =990 ##$$a DW00029035 =990 ##$$a 00085990 =990 ##$$a 1039550 =990 ##$$a 0001/BPAP-NTB/2016